Price Antony (Record no. 3156)
[ view plain ]
| 000 -LEADER | |
|---|---|
| fixed length control field | 00378nam a2200133Ia 4500 |
| 008 - FIXED-LENGTH DATA ELEMENTS--GENERAL INFORMATION | |
| fixed length control field | 151015s9999 xx 000 0 und d |
| 050 ## - LIBRARY OF CONGRESS CALL NUMBER | |
| Classification number | HF 5548 .2 .S534 2007 |
| 245 ## - TITLE STATEMENT | |
| Title | Price Antony |
| 250 ## - EDITION STATEMENT | |
| Edition statement | _PC Networking for Your Small Business |
| 300 ## - PHYSICAL DESCRIPTION | |
| Extent | London Teach Yourself 2007 |
| 500 ## - GENERAL NOTE | |
| General note | Inludes Index |
| 650 ## - SUBJECT ADDED ENTRY--TOPICAL TERM | |
| Topical term or geographic name as entry element | _Networking |
| 700 ## - ADDED ENTRY--PERSONAL NAME | |
| Personal name | ^d20120113 02:40:39^okorir |
No items available.